00308nam a2200133Ia 4500008004100000041000800041082001500049100001600064245003200080260002200112300000800134365001600142700001600158230718s9999 xx 000 0 und d aeng a005.8bPRA aPrasad R.S. aCyber Crime An Introduction c2004bICFAI Books a197 cRs.b350.00 aPrasad R.S.